Lord of the Rings Characters Sudden Death - Statistics

General Stats
  • This quiz has been taken 158 times
    42 since last reset
  • The average score is 21 of 30
Answers on the Grid
Answers color-coded by a green-red scale on the quiz's grid according to % correct below.
Aethred
Aragorn
Arwen
Aslan
Aslaug
Balin
Balor
Bard
Beregond
Bill
Boromir
Dumbledore
Dwalin
Elrond
Eomer
Eowyn
Faramir
Fili
Forlong
Frodo
Galadriel
Gimli
Gothmog
Gamling
Gandalf
Glorfindel
Grima
Lavinia
Legolas
Leonine
Merry
Mulan
Perrin
Pippin
Radagast
Samwise
Shelob
Smaug
Tom
Tyrion
 
Answer Stats
Answer % Correct
Arwen
88%
Boromir
88%
Aragorn
83%
Frodo
83%
Gandalf
83%
Galadriel
79%
Legolas
79%
Pippin
79%
Samwise
79%
Smaug
79%
Balin
75%
Elrond
75%
Faramir
75%
Gimli
75%
Eomer
71%
Eowyn
71%
Gamling
71%
Shelob
71%
Bill
67%
Fili
67%
Glorfindel
67%
Merry
67%
Radagast
67%
Gothmog
63%
Grima
63%
Tom
63%
Bard
58%
Dwalin
58%
Beregond
46%
Forlong
29%
No matching quizzes found
Score Distribution
Percent of People with Each Score
Percentile by Number Answered
Your Score History
You have not taken this quiz since the last reset